000 00506nam a2200181Ia 4500
005 20250923144227.0
008 008 250917s9999 xx 000 0 eng d
037 _aTextual
040 _aDSWL
_beng
_cDSWL
041 _aeng
_2eng
084 _az73:N33, H7
_qDSWL
100 _aMcdannald, A.H
_9822596
245 4 _aThe new modern encyclopedia
_cby A.H Mcdannald
260 _aNew York
_c1947
300 _a1494 p.
942 _cTEXL
_hz73:N33, H7
999 _c1436320
_d1436320